UBT Library

ESSENTIALS OF PSYCHIATRIC MENTAL HEALTH NURSING (Record no. 3015)

000 -LEADER
fixed length control field 00286nam a22001097a 4500
008 - FIXED-LENGTH DATA ELEMENTS--GENERAL INFORMATION
fixed length control field 170117b xxu||||| |||| 00| 0 eng d
020 ## - INTERNATIONAL STANDARD BOOK NUMBER
International Standard Book Number 9780803627024
041 ## - LANGUAGE CODE
Language code of text/sound track or separate title eng
080 ## - UNIVERSAL DECIMAL CLASSIFICATION NUMBER
Edition identifier 5TH
Universal Decimal Classification number 618.2
245 ## - TITLE STATEMENT
Title ESSENTIALS OF PSYCHIATRIC MENTAL HEALTH NURSING
Statement of responsibility, etc TOWNSEND, M.C
942 ## - ADDED ENTRY ELEMENTS (KOHA)
Source of classification or shelving scheme
Item type Books
Holdings
Withdrawn status Lost status Source of classification or shelving scheme Damaged status Not for loan Collection code Permanent location Current location Shelving location Date acquired Total Checkouts Full call number Barcode Date last seen Price effective from Koha item type
          Koleksioni i përgjithshem UBT - Lipjan UBT - Lipjan Koleksioni i përgjithshem 01/17/2017   618.2 TOW 002-029954 01/17/2017 01/17/2017 Books
UBT Library © 2015-2024. All rights reserved University Education for Business and Technology